Statistics for Biggest Cities in the Czech Republic

Click here to take the quiz!

General Stats

  • This quiz has been taken 2,229 times
  • The average score is 9 of 15

Answer Stats

HintAnswer% Correct
1,300,000Prague
100%
454,300Brno
95%
314,600Ostrava
85%
177,900Plzen
83%
102,100Olomouc
71%
105,200Liberec
70%
95,700Ceske Budejovice
61%
100,000Hradec Kralove
61%
90,700Pardubice
59%
100,800Usti nad Labem
59%
80,200Zlin
59%
75,000Kladno
37%
68,000Most
37%
63,000Karvina
28%
83,300Havirov
25%

Score Distribution

Percentile by Number Answered

Percent of People with Each Score

Your Score History

You have not taken this quiz